书目信息 |
| 题名: |
智能制造系统及关键使能技术
|
|
| 作者: | 唐敦兵 , 朱海华 主编 | |
| 分册: | ||
| 出版信息: | 北京 电子工业出版社 2022 |
|
| 页数: | 13,302页 | |
| 开本: | 26cm | |
| 丛书名: | ||
| 单 册: | ||
| 中图分类: | TH166 | |
| 科图分类: | ||
| 主题词: | 智能制造系统--教材 | |
| 电子资源: | ||
| ISBN: | 978-7-121-42982-8 | |
| 000 | 00990nam0 2200241 450 | |
| 001 | 2274487109 | |
| 005 | 20220918204143.80 | |
| 010 | @a978-7-121-42982-8@dCNY89.80 | |
| 100 | @a20220418d2022 em y0chiy50 ea | |
| 101 | 0 | @achi |
| 102 | @aCN@b110000 | |
| 105 | @aa z 000yy | |
| 200 | 1 | @a智能制造系统及关键使能技术@9zhi neng zhi zao xi tong ji guan jian shi neng ji shu@f唐敦兵,朱海华主编 |
| 210 | @a北京@c电子工业出版社@d2022 | |
| 215 | @a13,302页@c图@d26cm | |
| 300 | @a工业和信息化部“十四五”规划教材 | |
| 330 | @a本书介绍了智能制造系统的理念、关键使能技术、应用案例。全书共17章,内容包括:个性化定制给制造业带来的机遇与挑战、智能制造系统的演变过程、大数据技术、云计算技术、物联网技术、移动互联网技术、人工智能技术、制造系统智能化理论模型与构建技术、多源制造信息感知技术等。 | |
| 606 | 0 | @a智能制造系统@j教材 |
| 690 | @aTH166@v5 | |
| 701 | 0 | @a唐敦兵@9tang dun bing@4主编 |
| 701 | 0 | @a朱海华@9zhu hai hua@4主编 |
| 801 | 0 | @aCN@b91MARC@c20220513 |
| 905 | @aZUCC@dTH166@e10 | |
| 智能制造系统及关键使能技术/唐敦兵,朱海华主编.-北京:电子工业出版社,2022 |
| 13,302页:图;26cm |
| 工业和信息化部“十四五”规划教材 |
| ISBN 978-7-121-42982-8:CNY89.80 |
| 本书介绍了智能制造系统的理念、关键使能技术、应用案例。全书共17章,内容包括:个性化定制给制造业带来的机遇与挑战、智能制造系统的演变过程、大数据技术、云计算技术、物联网技术、移动互联网技术、人工智能技术、制造系统智能化理论模型与构建技术、多源制造信息感知技术等。 |
| ● |
| 相关链接 |
|
|
|
正题名:智能制造系统及关键使能技术
索取号:TH166/10
 
预约/预借
| 序号 | 登录号 | 条形码 | 馆藏地/架位号 | 状态 | 备注 |
| 1 | 2000898922 | 2000898922 | 第三书库/ [索取号:TH166/10] | 在馆 | |
| 2 | 2000898923 | 2000898923 | 第三书库/ [索取号:TH166/10] | 在馆 | |
| 3 | 2000898924 | 2000898924 | 第三书库/ [索取号:TH166/10] | 在馆 |